[Event "Champions Showdown Kings Blitz 2019-C"]
[Site "Saint Louis"]
[Date "2019.02.22"]
[Round "1"]
[White "Navara, David"]
[Black "So, Wesley"]
[Result "0-1"]
[WhiteElo "2738"]
[BlackElo "2765"]
[Annotator "TA"]
[PlyCount "81"]
[EventDate "2019.02.09"]
[EventType "match"]
[EventCountry "USA"]
[SourceTitle "playchess.com"]
[Source "ChessBase"]
[SourceQuality "1"]

{[%evp 18,81,0,0,17,0,47,31,50,31,72,33,16,0,0,-7,0,-11,-9,-21,0,0,0,-49,-26,-91,-85,-97,-45,-58,0,0,0,0,0,0,0,0,0,-35,0,0,0,0,0,0,0,0,0,0,0,0,0,-76,-12,-11,-14,-28,0,-69,-68,-891,-846,-1413,-1073,-29991]} 1. d4 Nf6 2. c4 e6 3. Nc3 Bb4 4. f3 d5 5. a3 Bxc3+ 6. bxc3 c5 7. cxd5 Nxd5 8. dxc5 Qa5 9. e4 Nf6 10. Be3 O-O {E25: Nimzo-Indian: Sämisch: 5...c5 6 f3 d5 7 cxd5} 11. Kf2 Rd8 (11... Nfd7 12. Rb1 Rd8 13. Rb5 Qxa3 14. Ne2 a6 15. Rb4 Qa5 16. Rd4 Nc6 17. Rd6 Nxc5 18. Rxd8+ Nxd8 {½-½ (26) Yu,Y (2753)-Ponomariov,R (2699) Danzhou 2017}) 12. Qb3 Nfd7 {White is slightly better.} 13. Rd1 Rf8 {[#]} 14. Nh3 $146 ({Predecessor:} 14. Bb5 Qc7 15. Ne2 Nxc5 16. Qc4 b6 17. Bxc5 bxc5 18. Qd3 {½-½ (56) Sandipan,C (2637)-Friedel,J (2527) Chalkis 2010}) 14... Qc7 $1 15. Bb5 Nxc5 16. Qc4 b6 17. Bxc5 bxc5 18. Qd3 Qa5 19. e5 h6 20. Bc4 (20. Nf4 {is interesting.} a6 21. Bc4 Ra7 22. Qe3 Rd7 23. Nh5) 20... Ba6 21. Bxa6 (21. Qe4 $11) 21... Nxa6 $17 22. Qc4 Rad8 (22... Nc7 $17 23. Nf4 Nb5) 23. Nf4 Nc7 (23... Nb8 $1 $15) 24. a4 $11 Nd5 (24... Na8 {looks sharper.} 25. Nh5 Qc7 26. Qf4 Kh8 27. Rd6 c4) 25. Nxd5 exd5 26. Rxd5 Rxd5 27. Qxd5 Qxc3 {[%mdl 4096] Endgame KQR-KQR} 28. Rd1 c4 29. e6 fxe6 30. Qxe6+ Kh8 31. Qe2 Qb4 32. Rd4 Rc8 {[#] Threatens to win with ...Qb6.} 33. Qe6 Qc5 34. Qd5 Qb6 35. a5 (35. Qd7 $11 Qb8 36. Rd1) 35... Qb2+ ({Black should play} 35... Qc7 $17 36. Qd7 Qc5) 36. Rd2 Qb4 $36 {[%mdl 2048] Strongly threatening ...c3. Black has some pressure.} 37. Rd4 Qb2+ 38. Kg3 ({Better is} 38. Rd2 $11 Qb4 39. Rd4) 38... c3 $15 {[%cal Bc4c3,Bc3c2][%mdl 32]} 39. Rc4 $2 {[%mdl 8192] [#]} (39. Qe5 $15) 39... Qb8+ $1 $19 40. f4 c2 {Hoping for ...Qb3+.} 41. Qe6 {Accuracy: White = 27%, Black = 34%.} 0-1

[Event "Champions Showdown Kings Blitz 2019-C"]
[Site "Saint Louis"]
[Date "2019.02.22"]
[Round "2"]
[White "So, Wesley"]
[Black "Navara, David"]
[Result "0-1"]
[WhiteElo "2765"]
[BlackElo "2738"]
[Annotator "TA"]
[PlyCount "60"]
[EventDate "2019.02.09"]
[EventType "match"]
[EventCountry "USA"]
[SourceTitle "playchess.com"]
[Source "ChessBase"]
[SourceQuality "1"]

{[%evp 12,60,19,9,13,7,27,20,29,24,36,36,18,24,28,22,25,24,16,0,23,0,0,0,0,-45,-22,-56,-60,-77,-77,-133,-139,-272,-146,-151,-150,-182,0,-294,-185,-331,-333,-851,-854,-1385,-1377,-5219,-3239,-29985,-29986]} 1. e4 c6 2. d4 d5 3. exd5 cxd5 4. Bd3 Nc6 5. c3 Nf6 6. h3 g6 7. Bf4 Bf5 {B13: Caro-Kann: Exchange Variation and Panov-Botvinnik Attack} 8. Be2 Bg7 9. Nd2 O-O {The position is equal.} 10. Ngf3 Ne4 11. O-O f6 $146 ({Predecessor:} 11... Re8 12. Re1 h6 13. Bf1 g5 14. Bh2 Qd7 15. Nxe4 Bxe4 {1-0 (35) Caruana,F (2828)-Shankland,S (2725) chess.com INT 2019}) 12. Nxe4 Bxe4 13. Re1 e5 14. dxe5 fxe5 15. Be3 h6 16. Qb3 Kh7 17. Rad1 d4 18. cxd4 exd4 {Threatens to win with ...Bd5.} 19. Bc1 ({But not} 19. Qxb7 Bd5 $17) 19... Bd5 20. Qa3 (20. Qxb7 $2 a6 $17) 20... Qf6 21. b4 (21. Rf1 $142) 21... Rae8 $17 22. Bb2 {[#]} (22. Bb5 $17) 22... Qf4 (22... Re4 $1 $19 23. Bb5 Ne5 24. Rxe4 Bxe4) 23. Bc1 {[#]} Qf7 $1 24. Bb2 {intending b5.} Re4 $2 ({Not} 24... Bxa2 25. b5 $11) (24... Ne5 $19 {And now ...Qf5 would win.} 25. Rf1 Nxf3+ 26. Bxf3 Bxf3 27. Qxf3 Qxa2) 25. Bf1 $2 {[%mdl 8192]} (25. b5 $11 {and White is okay.} Ne5 26. Bxd4) 25... Rf4 {[%cal Rd5f3,Be4f4,Bf4f2,Bf2g2][%mdl 32]} 26. b5 (26. Rd3 {keeps fighting.}) 26... Bxf3 $19 27. bxc6 $2 (27. gxf3 Rxf3 {[%mdl 64] Double Attack} 28. Qd6 Rxf2 29. bxc6 Rxb2 30. Qg3) 27... Bxd1 28. Re7 Qf6 29. cxb7 Rxf2 30. Bc4 {[#]} Rxg2+ $1 {[%mdl 64] Clearance. Accuracy: White = 28%, Black = 51%.} 0-1

[Event "Champions Showdown Kings Blitz 2019-C"]
[Site "Saint Louis"]
[Date "2019.02.22"]
[Round "3"]
[White "Navara, David"]
[Black "So, Wesley"]
[Result "1-0"]
[WhiteElo "2738"]
[BlackElo "2765"]
[Annotator "TA"]
[PlyCount "97"]
[EventDate "2019.02.09"]
[EventType "match"]
[EventCountry "USA"]
[SourceTitle "playchess.com"]
[Source "ChessBase"]
[SourceQuality "1"]

{[%evp 14,97,0,0,0,0,14,0,0,0,0,0,0,0,0,-16,-13,-26,-29,-32,11,-17,-10,-19,-15,-16,18,15,19,10,7,0,6,6,37,19,21,31,24,10,96,97,107,106,113,107,136,20,206,206,211,210,266,266,260,273,270,231,290,285,619,635,619,641,634,644,630,627,626,626,570,471,700,619,381,381,708,612,5591,381,2410,381,4594,381,6140,6077]} 1. c4 c5 2. Nf3 Nf6 3. Nc3 Nc6 4. d4 cxd4 5. Nxd4 e6 6. g3 Qb6 7. Ndb5 Ne5 8. Bg2 a6 {A33: Symmetrical English: 2 Nf3 Nf6 3 d4 cxd4 4 Nxd4 e6 5 Nc3 Nc6} 9. Na4 (9. Qa4 Rb8 10. Be3 Bc5 11. Bxc5 Qxc5 12. Qa3 b6 13. Nd6+ Ke7 14. Qxc5 bxc5 15. Nxc8+ Rhxc8 16. b3 d5 17. cxd5 {1-0 (47) Ivanchuk,V (2708)-Saric,I (2685) Mali Losinj 2018}) 9... Qd8 10. Nbc3 Nxc4 {The position is equal.} 11. b3 $146 ({Predecessor:} 11. O-O d5 12. b3 Nd6 13. Bf4 Be7 14. Rc1 O-O 15. Qd3 Bd7 16. Nc5 {0-1 (44) Lederer,Y (2259)-Macieja,B (2530) Chicago 2017}) 11... Ne5 12. Bf4 d6 13. Bxe5 dxe5 14. Qxd8+ Kxd8 15. Nb6 Rb8 $1 16. O-O Bc5 17. Rfd1+ Ke7 18. Nca4 Bxb6 19. Nxb6 Nd7 20. Nc4 b6 21. Rac1 $36 {[%mdl 2048] White has the initiative.} Rd8 22. b4 a5 23. b5 f6 24. Bc6 Nf8 25. Rxd8 Kxd8 26. Rd1+ Kc7 (26... Ke7 $11) 27. Rd6 $16 {[%mdl 1024] White has strong compensation.} h6 28. a4 Ng6 29. Be8 Ne7 30. Bf7 (30. e4 $16) 30... Bd7 $2 (30... Nf5 $11 {and Black stays safe.} 31. Rc6+ Kd8) 31. Bxe6 $18 Be8 32. e4 Nc8 33. Bxc8 Rxc8 34. Rxb6 {[%mdl 4096] Endgame KRB-KRN} Rd8 35. Ra6 Rd4 36. Nxa5 Rxa4 $2 (36... Rb4 37. Kg2 Bd7) 37. b6+ Kb8 38. b7 {Ra8+ would kill now.} Rxa5 39. Rxa5 Kxb7 {KR-KB} 40. Rc5 Bc6 41. f3 Kc7 42. Ra5 Kd6 (42... Kb6 $142) 43. Ra7 Bd7 44. h4 h5 $2 (44... g6 45. Kf2 h5) 45. Kf2 g5 {[#]} 46. Ra8 $2 (46. g4 $1 Be8 (46... hxg4 47. h5) 47. gxh5 Bxh5 48. Rh7) 46... Ke7 $2 {[#]} (46... gxh4 47. gxh4 Ke7) 47. Rh8 $2 (47. g4 $1 Bc6 (47... hxg4 48. h5) 48. Ra7+ Kf8 49. gxh5 gxh4 50. Ra6) 47... Be8 $2 (47... gxh4 48. gxh4 Be8) 48. Ke3 $2 (48. g4 hxg4 49. h5 gxf3 50. h6) 48... Kf7 $2 (48... gxh4 49. gxh4 Bg6) 49. hxg5 {Accuracy: White = 58%, Black = 33%.} 1-0

[Event "Champions Showdown Kings Blitz 2019-C"]
[Site "Saint Louis"]
[Date "2019.02.22"]
[Round "4"]
[White "So, Wesley"]
[Black "Navara, David"]
[Result "1/2-1/2"]
[WhiteElo "2765"]
[BlackElo "2738"]
[Annotator "TA"]
[PlyCount "93"]
[EventDate "2019.02.09"]
[EventType "match"]
[EventCountry "USA"]
[SourceTitle "playchess.com"]
[Source "ChessBase"]
[SourceQuality "1"]

{[%evp 26,93,0,0,21,39,33,26,41,-33,0,0,0,0,0,0,19,-15,-22,-83,-83,-93,-81,-92,-11,-53,-3,-18,-14,-13,-10,-15,-20,-36,-8,-16,-8,-17,-20,-65,-58,-111,-98,-97,-84,-73,0,-86,-87,-103,-96,-106,-111,-105,-76,-66,-40,-128,-131,-123,-141,-132,-133,-123,0,0,0,0,0,0]} 1. e4 c6 2. d4 d5 3. Nc3 dxe4 4. Nxe4 Bf5 5. Ng3 Bg6 6. h4 h6 7. Nf3 Nd7 8. h5 Bh7 9. Bd3 Bxd3 10. Qxd3 e6 11. Bd2 Ngf6 12. O-O-O Be7 13. Ne4 O-O 14. Kb1 Nxe4 {B19: Classical Caro-Kann: 4...Bf5 main line} (14... c5 15. g4 Nxg4 16. Qe2 Qb6 17. Ne5 Ndxe5 18. dxe5 f5 19. exf6 Nxf6 20. Nc3 Rad8 21. Rhg1 Kh8 22. Rg6 {½-½ (38) Saric,I (2662)-Nisipeanu,L (2672) Heraklio 2017}) 15. Qxe4 Nf6 16. Qe2 Qd5 {White has an edge.} 17. c4 (17. Ne5 $14) 17... Qe4+ 18. Qxe4 Nxe4 19. Be3 f5 20. g3 (20. Rhe1 {keeps more tension.} Bd6 21. g3 Nf6 22. Rh1 Ng4 23. Rhg1) 20... Bg5 21. Bxg5 hxg5 22. Rhf1 $146 (22. Rh2 $1 $11) ({Predecessor:} 22. Rh2) 22... Rad8 $17 23. Ne5 {[#]} Rd6 $1 24. g4 Rfd8 ({Black should try} 24... fxg4 $17 25. Nxg4 Rf4) 25. f3 $11 Ng3 26. Rg1 Ne2 27. Rg2 Rxd4 28. Rxd4 Nxd4 29. gxf5 Nxf5 {...Rd1+ is the strong threat.} 30. Rxg5 {[%mdl 4096] Endgame KRN-KRN} Rd1+ 31. Kc2 Re1 32. f4 Re4 33. h6 (33. Kc3 $15) 33... Nxh6 $17 34. Rg6 Nf5 35. Rxe6 Kh7 (35... Rxf4 $17 {Threatens to win with ...Nd4+.} 36. Re8+ Kh7) 36. Re8 (36. Nf3 $11 Rxe6 37. Ng5+ {[%mdl 64] Double Attack} Kg6 38. Nxe6) 36... Rxf4 37. Kc3 Re4 38. Kd3 Re3+ 39. Kd2 g5 40. Re6 {[#]} g4 $1 {[%mdl 512] [#] Strongly threatening ...Re4.} 41. Re7+ $1 {[%mdl 512]} (41. Nxg4 Rxe6) 41... Kg8 (41... Nxe7 42. Kxe3) 42. Re8+ Kg7 43. Re7+ Nxe7 44. Kxe3 Nf5+ (44... g3 $17 45. Kf3 Nf5) 45. Kf4 $11 {The position is equal.} Nd6 46. c5 Nf7 47. Nxg4 {Accuracy: White = 40%, Black = 49%.} 1/2-1/2

[Event "Champions Showdown Kings Blitz 2019-C"]
[Site "Saint Louis"]
[Date "2019.02.22"]
[Round "5"]
[White "Navara, David"]
[Black "So, Wesley"]
[Result "1-0"]
[WhiteElo "2738"]
[BlackElo "2765"]
[Annotator "TA"]
[PlyCount "113"]
[EventDate "2019.02.09"]
[EventType "match"]
[EventCountry "USA"]
[SourceTitle "playchess.com"]
[Source "ChessBase"]
[SourceQuality "1"]

{[%evp 14,113,0,0,0,-15,30,0,0,0,0,-9,0,-53,-34,-27,-32,-31,-43,-45,26,14,29,17,17,17,17,20,16,19,19,20,14,10,14,10,10,10,17,16,46,10,10,10,14,13,10,17,10,10,10,0,12,0,0,0,0,-25,0,0,0,0,0,0,14,0,0,0,0,0,0,0,0,0,0,0,0,0,0,0,0,0,0,0,0,0,0,0,8,8,18,18,1139,961,2534,2059,6312,1372,6617,6103,1748,1497]} 1. c4 c5 2. Nf3 Nc6 {[%cal Bb8c6,Bc6e5,Be5c4][%mdl 32]} 3. Nc3 Nf6 4. d4 cxd4 5. Nxd4 e6 6. g3 Qb6 7. Ndb5 Ne5 8. Bg2 a6 {A33: Symmetrical English: 2 Nf3 Nf6 3 d4 cxd4 4 Nxd4 e6 5 Nc3 Nc6} 9. Na4 (9. Qa4 Rb8 10. Be3 Bc5 11. Bxc5 Qxc5 12. Qa3 b6 13. Nd6+ Ke7 14. Qxc5 bxc5 15. Nxc8+ Rhxc8 16. b3 d5 17. cxd5 {1-0 (47) Ivanchuk,V (2708)-Saric,I (2685) Mali Losinj 2018}) 9... Qd8 10. Nbc3 Nxc4 {The position is equal.} 11. b3 $146 ({Predecessor:} 11. O-O d5 12. b3 Nd6 13. Bf4 Be7 14. Rc1 O-O 15. Qd3 Bd7 16. Nc5 {0-1 (44) Lederer,Y (2259)-Macieja,B (2530) Chicago 2017}) 11... Ne5 12. Bf4 d6 13. Qd4 (13. O-O $11) 13... Nc6 14. Bxc6+ bxc6 15. Rd1 $1 {[%cal Rf4d6]} d5 16. e4 Be7 (16... a5 $15) 17. Nb6 $11 c5 18. Qa4+ Bd7 $1 {[%cal Rd7a4]} 19. Nxd7 Qxd7 20. Qxd7+ Kxd7 21. exd5 Nxd5 22. Nxd5 exd5 23. Rxd5+ Kc6 24. Rf5 f6 25. Be3 g6 26. Rf4 Rhb8 27. Ke2 Rb4 28. Rc1 Rxf4 29. Bxf4 {[%mdl 4096] Endgame KRB-KRB} a5 30. Rc4 f5 31. Be3 h5 32. h4 Bd6 33. Kd3 Rd8 34. Kc2 Re8 35. Kb2 Re5 36. Ka3 Kb5 37. Kb2 Rd5 38. Kc2 Kc6 39. Rc3 Re5 40. Rd3 {[#] Rxd6+! is the strong threat.} Re4 41. Rc3 Re6 42. Rc4 Re8 43. a3 Re6 44. Bxc5 (44. Kd2 {feels hotter.} Kd5 45. a4 Re8 46. Ke2 Re7 47. Rc1) 44... Bxc5 {KRB-KR} 45. b4 axb4 46. axb4 Kb5 {[%mdl 64] [#] Double Attack} 47. Rxc5+ Kxb4 {KR-KR} 48. Rc7 Re2+ {[%mdl 64] Double Attack} 49. Kd3 Rxf2 {Hoping for ...Rf3+.} 50. Ke3 Rg2 51. Kf3 Ra2 52. Rc6 Kb5 $2 {[%mdl 8192]} (52... g5 $11) 53. Rxg6 $18 {White is clearly winning.} Ra5 54. Kf4 Kc4 55. Rf6 (55. Rg5 $142 Ra4 56. Rxh5 Kd3+ 57. Kxf5) 55... Kd3 56. Rxf5 Ra4+ 57. Kf3 {Accuracy: White = 63%, Black = 50%.} 1-0

[Event "Champions Showdown Kings Blitz 2019-C"]
[Site "Saint Louis"]
[Date "2019.02.22"]
[Round "6"]
[White "So, Wesley"]
[Black "Navara, David"]
[Result "1-0"]
[WhiteElo "2765"]
[BlackElo "2738"]
[Annotator "TA"]
[PlyCount "74"]
[EventDate "2019.02.09"]
[EventType "match"]
[EventCountry "USA"]
[SourceTitle "playchess.com"]
[Source "ChessBase"]
[SourceQuality "1"]

{[%evp 18,74,12,13,16,-8,-5,-8,-8,-10,-5,-14,-2,-18,0,0,13,7,18,0,5,0,31,0,65,0,0,0,0,-29,0,-39,-31,-31,0,0,0,0,189,0,0,0,0,0,5106,3375,1483,2010,1654,1599,1222,1215,964,868,29975,29976,29982,29983,29983]} 1. Nf3 Nf6 2. g3 d5 3. Bg2 e6 4. O-O Be7 5. c4 O-O 6. d4 dxc4 7. Qc2 a6 8. a4 Bd7 9. Qxc4 Bc6 10. Bf4 Bd6 {E05: Open Catalan: 5 Nf3 Be7} 11. Nc3 Bxf4 12. gxf4 a5 {The position is equal.} 13. e3 Na6 {[#]} 14. Kh1 $146 ({Predecessor:} 14. Rac1 Nb4 15. Rfd1 Ra6 16. Qe2 Nbd5 17. Nb5 Ne7 18. Nd2 Bxg2 19. Kxg2 {½-½ (26) Ivanchuk,V (2710)-Dominguez Perez,L (2723) Varadero 2016}) 14... Nb4 15. Qe2 b6 16. Rg1 Qc8 17. Ne5 Bxg2+ 18. Rxg2 c5 19. Rag1 g6 20. Nb5 Qb7 (20... cxd4 $11 21. Nxd4 Nd7) 21. h4 (21. dxc5 $1 $14 bxc5 22. b3) 21... cxd4 $11 22. Nxd4 Kh8 $1 23. Ndf3 Rac8 24. Nd4 Rfd8 25. Kh2 Rxd4 26. exd4 Rc2 27. Qe3 Qc7 $2 {[#]} (27... Kg7 $11) 28. f5 $2 (28. Qf3 $1 $18) 28... exf5 29. Qh6 $36 {[%mdl 2048] Black must now prevent Qf8+. White fights for an advantage.} Ng8 30. Qf8 f6 $2 {[%mdl 8192] [#]} (30... Nd3 $11) 31. Rxg6 $1 $18 {[%mdl 576] Demolition} hxg6 32. Rxg6 {[%csl Gg6][%cal Rf8g8]} Rxf2+ 33. Kh3 {[%csl Gg6][%cal Rf8g8]} Rf3+ 34. Nxf3 {[%csl Gg6][%cal Rf8g8]} Qh7 35. Rxf6 {[%mdl 64] Intending Ne5 and mate. Double Attack} Nd5 36. Rxf5 Ne3 37. Rg5 Qd7+ {Accuracy: White = 36%, Black = 47%.} 1-0

[Event "Champions Showdown Kings Blitz 2019-C"]
[Site "Saint Louis"]
[Date "2019.02.22"]
[Round "7"]
[White "Navara, David"]
[Black "So, Wesley"]
[Result "1-0"]
[WhiteElo "2738"]
[BlackElo "2765"]
[Annotator "RC"]
[PlyCount "109"]
[EventDate "2019.02.09"]
[EventType "match"]
[EventCountry "USA"]
[SourceTitle "playchess.com"]
[Source "ChessBase"]
[SourceQuality "1"]
[TimeControl "900+10"]

1. d4 {[%emt 0:12:07]} Nf6 {[%emt 0:12:07]} 2. c4 {[%emt 0:00:09]} e6 {[%emt 0:00:08]} 3. Nc3 {[%emt 0:00:09]} Bb4 {[%emt 0:00:09]} 4. Nf3 {[%emt 0:00:09]} c5 {[%emt 0:00:09]} 5. g3 {[%emt 0:00:10]} cxd4 {[%emt 0:00:09]} 6. Nxd4 {[%emt 0:00:09]} O-O {[%emt 0:00:09]} 7. Bg2 {[%emt 0:00:09]} d5 {[%emt 0:00:09]} 8. O-O {[%emt 0:00:10]} dxc4 {[%emt 0:00:09]} 9. Qa4 {[%emt 0:00:09]} Na6 {[%emt 0:00:11]} 10. Ndb5 {[%emt 0:00:09]} Nd5 {[%emt 0:00:17]} 11. Rd1 {[%emt 0:00:09]} Qe8 {[%emt 0:00:09]} 12. Nxd5 {[%emt 0:00:47]} exd5 {[%emt 0:00:09]} 13. Rxd5 {[%emt 0:00:11]} Bd7 {[%emt 0:00:08]} 14. Be3 {[%emt 0:00:25]} Bc6 {[%emt 0:00:10]} 15. Rf5 {[%emt 0:00:09]} Bxg2 {[%emt 0:00:09]} 16. Kxg2 {[%emt 0:00:09]} Qc6+ {[%emt 0:00:12]} 17. Kg1 {[%emt 0:00:15]} Be7 {[%emt 0:00:48]} 18. Nc3 {[%emt 0:00:27]} Qxa4 {[%emt 0:00:15]} 19. Nxa4 {[%emt 0:00:10]} g6 {[%emt 0:00:22]} 20. Rd5 {[%emt 0:00:41]} Bf6 {[%emt 0:00:10]} 21. Rc1 {[%emt 0:00:16]} Rfc8 {[%emt 0:00:12]} 22. Rd7 {[%emt 0:00:27]} b5 {[%emt 0:00:28]} 23. Rd6 {[%emt 0:00:17]} bxa4 {[%emt 0:00:28]} 24. Rxf6 {[%emt 0:00:10]} Nb4 {[%emt 0:00:08]} 25. Rf4 {[%emt 0:00:34]} Nd5 {[%emt 0:00:12]} 26. Rfxc4 {[%emt 0:00:09]} Rxc4 {[%emt 0:00:09]} 27. Rxc4 {[%emt 0:00:09]} Nxe3 {[%emt 0:00:09]} 28. fxe3 {[%emt 0:00:10]} Rb8 {[%emt 0:00:09]} 29. Rxa4 {[%emt 0:00:09]} Rxb2 {[%emt 0:00:08]} 30. Kf2 {[%emt 0:00:09]} Rb7 {[%emt 0:00:09]} 31. g4 {[%emt 0:00:14]} Kg7 {[%emt 0:00:22]} 32. Ra6 {[%emt 0:00:09]} Kf8 {[%emt 0:00:20]} 33. Kf3 {[%emt 0:00:10]} Re7 {[%emt 0:00:09]} 34. Kf4 {[%emt 0:00:17]} Kg7 {[%emt 0:00:10]} 35. h4 {[%emt 0:00:14]} Rb7 {[%emt 0:00:12]} 36. a4 {[%emt 0:00:12]} Rb4+ {[%emt 0:00:14]} 37. e4 {[%emt 0:00:09]} Rb7 {[%emt 0:00:13]} 38. e5 {[%emt 0:00:10]} Rb4+ {[%emt 0:00:09]} 39. e4 {[%emt 0:00:10]} Rb7 {[%emt 0:00:09]} 40. e6 {[%emt 0:00:13]} Kf6 {[%emt 0:00:33]} 41. g5+ {[%emt 0:00:16]} Ke7 {[%emt 0:00:09]} 42. exf7 {[%emt 0:00:10]} Kxf7 {[%emt 0:00:09]} 43. Ke5 {[%emt 0:00:14]} Ke7 {[%emt 0:00:12]} 44. Rc6 {[%emt 0:00:11]} Rd7 {[%emt 0:00:16]} 45. a5 {[%emt 0:00:11]} Rb7 {[%emt 0:00:10]} 46. a6 {[%emt 0:00:12]} Rb5+ {[%emt 0:00:16]} 47. Kf4 {[%emt 0:00:09]} Kd7 {[%emt 0:00:10]} 48. Rf6 {[%emt 0:00:09]} Ke7 {[%emt 0:00:09]} 49. h5 {[%emt 0:00:08]} gxh5 {[%emt 0:00:36]} 50. Rh6 {[%emt 0:00:10]} Kf7 {[%emt 0:00:09]} 51. Rxh7+ {[%emt 0:00:09]} Kg6 {[%emt 0:00:09]} 52. Rxa7 {[%emt 0:00:13]} Ra5 {[%emt 0:00:12]} 53. Ra8 {[%emt 0:00:09]} h4 {[%emt 0:00:10]} 54. a7 {[%emt 0:00:10]} Kg7 {[%emt 0:00:09]} 55. Kg4 {[%emt 0:00:10]} 1-0

[Event "Champions Showdown Kings Blitz 2019-C"]
[Site "Saint Louis"]
[Date "2019.02.22"]
[Round "8"]
[White "So, Wesley"]
[Black "Navara, David"]
[Result "1-0"]
[WhiteElo "2765"]
[BlackElo "2738"]
[Annotator "TA"]
[PlyCount "88"]
[EventDate "2019.02.09"]
[EventType "match"]
[EventCountry "USA"]
[SourceTitle "playchess.com"]
[Source "ChessBase"]
[SourceQuality "1"]

{[%evp 13,88,29,29,32,25,27,25,25,37,29,27,15,21,20,29,18,32,32,29,19,26,33,45,40,41,41,22,20,26,29,28,15,19,20,34,6,109,90,100,125,113,75,349,364,357,372,506,491,614,630,568,460,444,444,348,260,700,692,689,621,1431,1366,1927,2012,1460,1589,1789,5708,4698,2932,6079,5055,29980,29980,29980,29980,29975]} 1. Nf3 d5 2. d4 Nf6 3. c4 c6 4. e3 Bg4 5. Nc3 e6 6. h3 Bh5 7. g4 Bg6 8. Ne5 {D11: Slav Defence: 3 Nf3 sidelines and 3...Nf6 4 e3 Bg4} Nbd7 9. Nxg6 hxg6 10. g5 {White has an edge.} Ne4 11. Nxe4 dxe4 12. h4 Bb4+ 13. Bd2 Qa5 14. a3 Bxd2+ 15. Qxd2 Qxd2+ 16. Kxd2 {[#]} f5 $146 17. c5 Rd8 18. Kc3 e5 19. b4 exd4+ 20. exd4 Nf8 $1 21. Bc4 Ke7 22. Rad1 Ne6 23. d5 cxd5 24. Bxd5 (24. Rxd5 $5 {[%cal Rd5e5]} Nf4 25. Re5+ Kf8 26. b5 $11) 24... Rd7 (24... b6 $11) 25. Bxe6 $1 $16 Kxe6 26. Rxd7 Kxd7 {[%mdl 4096] Endgame KR-KR} 27. Rd1+ $1 Kc7 $2 {[%mdl 8192] [#]} (27... Ke8 $16 {might work better.}) 28. Rd6 $1 $18 Rxh4 29. Rxg6 Rf4 {[#]} 30. b5 $1 ({Not} 30. Rxg7+ Kc6 $16) 30... Rxf2 31. Rxg7+ Kc8 32. Rf7 Rg2 33. Rxf5 e3 34. a4 Kc7 $2 (34... Kd7 35. Rf7+ Kc8) 35. Kd3 e2 36. Kd2 Kc8 37. Rf8+ Kc7 38. Rf7+ Kc8 39. Rg7 Kb8 40. g6 Kc8 41. c6 bxc6 42. bxc6 a5 43. Rg8+ Kc7 44. g7 Rg6 {Accuracy: White = 92%, Black = 28%.} 1-0

[Event "Champions Showdown Kings Blitz 2019-C"]
[Site "Saint Louis"]
[Date "2019.02.22"]
[Round "9"]
[White "Navara, David"]
[Black "So, Wesley"]
[Result "0-1"]
[WhiteElo "2738"]
[BlackElo "2765"]
[Annotator "TA"]
[PlyCount "96"]
[EventDate "2019.02.09"]
[EventType "match"]
[EventCountry "USA"]
[SourceTitle "playchess.com"]
[Source "ChessBase"]
[SourceQuality "1"]

{[%evp 19,96,12,10,2,8,-6,23,29,24,2,2,6,11,0,0,0,0,0,0,-43,-42,-38,-46,-56,-46,-57,-39,-85,-80,-91,-65,-66,-68,-142,-80,-116,-116,-118,-108,-113,-96,-160,-64,-196,-133,-431,-425,-416,-407,-376,-365,-497,-475,-475,-475,-460,-452,-576,-561,-584,-570,-536,-516,-520,-520,-29977,-29977,-29971,-1379,-1190,-1368,-1377,-1168,-1521,-1453,-29984,-1541,-2418,-1968]} 1. d4 Nf6 2. c4 e6 3. Nc3 d5 4. cxd5 Nxd5 5. e4 Nxc3 6. bxc3 c5 7. Nf3 cxd4 8. cxd4 Bb4+ 9. Bd2 Bxd2+ 10. Qxd2 O-O 11. Rd1 {D41: Queen's Gambit Declined: Semi-Tarrasch with 5 cxd5} (11. Bc4 Nd7 12. O-O b6 13. Rad1 Bb7 14. Rfe1 Rc8 15. Bb3 Re8 16. h3 Nf6 17. Qf4 Nh5 18. Qh2 h6 19. d5 exd5 20. e5 g6 21. Nd4 Ng7 22. Nb5 {½-½ (54) Mamedyarov,S (2820)-Ding,L (2804) Batumi 2018}) 11... b6 12. h4 Ba6 13. Bxa6 {White has an edge.} Nxa6 {[#]} 14. h5 $146 ({Predecessor:} 14. Qd3 Nb4 15. Qb1 Qe7 16. O-O h6 17. d5 exd5 18. exd5 Qc5 {0-1 (35) Aleksandrov,A (2525)-Akhmadeev,V (2395) Kstovo 1994}) 14... h6 $1 15. O-O Rc8 16. Rfe1 Qd6 17. Ne5 Nb4 18. Rc1 Nc6 19. Qc2 {[%cal Re5c6]} (19. Rxc6 {is more complex.} Rxc6 20. Nxc6 Qxc6 21. d5 Qd6 22. Rd1) 19... Nxe5 20. Qxc8 Rxc8 21. Rxc8+ Kh7 22. dxe5 Qxe5 $15 {[%mdl 4096] Endgame KQ-KRR} 23. Ra8 a5 ({Much weaker is} 23... Qxh5 $6 24. Rxa7 Kg6 25. Re3 $11) 24. Ra6 Qb5 25. Ra7 Qxh5 26. Rc1 (26. a3 $15) 26... Kg6 (26... Qe2 $142 $1 {[%cal Re2a2]} 27. Rcc7 Qxa2 28. Rxf7 Qa1+ 29. Kh2 b5) 27. Rb7 Qe2 28. Rxb6 Qxa2 29. Ra6 a4 30. f3 (30. g3 $142) 30... h5 ({Black should try} 30... Qe2 $17 31. Rac6 a3) 31. Rc5 ({White should play} 31. Kh2 $1 $15) 31... h4 (31... Kh6 $19 32. Rca5 Qb1+ 33. Kh2 Qb8+ 34. Kg1 g5 35. Rxa4 g4) 32. Rca5 $2 {[%mdl 8192] [#]} (32. Kh2 $17) 32... h3 $1 $19 {[%mdl 512]} 33. gxh3 {[#]} Qe2 $1 34. Rxa4 Qxf3 35. R6a5 Qg3+ 36. Kf1 Qxh3+ 37. Kf2 Qh2+ 38. Kf3 e5 39. Ra7 Qf4+ 40. Ke2 Kh6 41. Rb4 g5 42. Kd3 (42. Ra6+ $19 Kh5 43. Ra1) 42... Qf3+ 43. Kd2 g4 (43... Qf2+ $142 44. Kd1 Qxa7 45. Rb3 g4 46. Kc1 Qf2 47. Rd3 g3 48. Rd6+ Kg7 49. Rd2 {[#]} g2 $1 {[%mdl 512]} 50. Rxf2 g1=Q+ {[%mdl 64] Double Attack} 51. Kb2 Qxf2+ 52. Kc3 Qd4+ 53. Kc2 Qxe4+ 54. Kd2 f5 55. Kc3 f4 56. Kb3 f3 57. Ka3 f2 58. Ka2 Qb4 59. Ka1 f1=Q+ 60. Ka2 Qfb1#) 44. Rbb7 f6 45. Rh7+ Kg5 46. Rhg7+ Kf4 47. Rg6 Kxe4 (47... Qe3+ $142 48. Kc2 Qxa7 49. Kc3 Qf7 50. Rh6 g3 51. Rh4+ Kf3 52. Rh3 Qc7+ 53. Kb4 Qb7+ {[%mdl 64] Double Attack} 54. Ka3 Qe7+ 55. Kb2 Qb4+ 56. Kc1 Qxe4 57. Kb2 Kg4 58. Rh6 Qe2+ 59. Kc3 Qe3+ {[%mdl 64] Double Attack} 60. Kc4 Qxh6 61. Kd5 g2 62. Kd6 g1=Q 63. Kd7 f5 64. Kd8 Qa7 65. Ke8 Qh8#) 48. Ra4+ Kf5 {Accuracy: White = 24%, Black = 67%.} 0-1